| 000 | 00345nam a2200157 i 4500 | ||
|---|---|---|---|
| 001 | bg | ||
| 100 | 1 |
_aKisiel, Igor _d(1910-1988). |
|
| 245 | 0 |
_aReologia / _cIgor Kisiel. |
|
| 260 |
_aWrocław, _c1987. |
||
| 490 | 1 | _aSkrypty | |
| 830 | _aSkrypty | ||
| 040 | _cBPK | ||
| 041 | _apol | ||
| 942 | _cKS | ||
| 008 | s pl f |000 0 pol | ||
| 999 |
_c6648 _d6648 |
||
| 856 |
_uhttp://koha.tu.koszalin.pl/cgi-bin/koha/opac-detail.pl?biblionumber=6648 _yKatalog online BPK |
||